Statistics for North america maps quiz

Click here to take the quiz!

General Stats

  • This quiz has been taken 28 times
  • The average score is 3 of 5

Answers on the Map

Answers color-coded by a green-red scale on the quiz's map according to % correct below.
 

Answer Stats

Answer% Correct
canada
95%
united state
95%
Amelia Island
41%
hawaii
23%
Mexico
14%

Score Distribution

Percentile by Number Answered

Percent of People with Each Score

Your Score History

You have not taken this quiz